000 00589nam a2200181Ia 4500
008 100920s9999 xx 000 0 und d
082 _b105314
_a891.43 न 06
100 _aनीलकांत.
245 _aअजगर और बुढा बढई.
260 _bविभा प्रकाशन,इलाहाबाद.
_c2006
300 _a84
_bसाधी
365 _b80
520 _aहिंदी.
630 _aअजगर और बुढा बढई.
650 _aहिंदी.
730 _aअजगर और बुढा बढई.
942 _cBOOK
999 _c745745
_d745742